| 000 | 00000nam##2200000za#4500 |
| 001 | 9.651037 |
| 003 | CaOODSP |
| 005 | 20210615114729 |
| 007 | ta |
| 008 | 150407|2008||||xxc||||| f|0| 0 eng|d |
| 020 | |a978-0-662-47494-4 |
| 040 | |aCaOODSP|beng |
| 043 | |an-cn--- |
| 086 | 1 |aA52-83/2008E |
| 110 | 1 |aCanada. |bAgriculture and Agri-Food Canada. |
| 245 | 10|aBetter farming, better air : |ba scientific analysis of farming practice and greenhouse gases in Canada / |c[Edited by] H.H. Janzen ... [et al.]. |
| 260 | |aOttawa - Ontario : |bAgriculture and Agri-Food Canada |cMarch 2008. |
| 300 | |av, 146p. : |bcoloured figs., graphs, maps, tables, photographs ; |c28 cm. |
| 520 | 3 |aPresents research on greenhouse gas emissions cycling in agricultural practices and provides examples of how agriculture can contribute to improving air quality. |
| 563 | |aSoftcover |
| 590 | |a09-09|b2009-02-27 |
| 690 | 07|aFarming|2gcpds |
| 690 | 07|aGreenhouse gases|2gcpds |
| 775 | 08|tUne agriculture efficace pour un air plus sain : |w(CaOODSP)9.684079 |
| 776 | 0#|tBetter farming, better air : |w(CaOODSP)9.690528 |
| 986 | |a10530E |